[Event "Montigny le Bretonneux op 22nd"]
[Site "Montigny le Bretonneux"]
[Date "2023.12.28"]
[Round "4"]
[White "Taieb, Cedric"]
[Black "Barthere, Gilles"]
[Result "0-1"]
[WhiteElo "1399"]
[BlackElo "1353"]
[PlyCount "130"]
[EventDate "2023.12.27"]
[EventType "swiss"]
[EventRounds "7"]
[EventCountry "FRA"]
[SourceTitle "CB06_2024"]
[SourceDate "2024.02.07"]
[SourceVersion "1"]
[SourceVersionDate "2024.02.07"]
[SourceQuality "1"]

1. d4 Nf6 2. Bf4 e6 3. Nc3 Bb4 4. Qd3 c5 5. Qg3 Nh5 6. Qg4 Nxf4 7. Qxf4 0-0 8. Nf3 Qa5 9. Qe3 b6 10. h4 Bb7 11. Qd3 cxd4 12. Nxd4 Nc6 13. Nb3 Qe5 14. Rh3 d5 15. Nd2 Rfc8 16. a3 Bc5 17. Nf3 Qf6 18. e3 Ne5 19. Qd2 d4 20. Nxd4 Rd8 21. Rg3 Nc6 22. Ne4 Qxh4 23. Nxc5 Nxd4 24. Bd3 Qh1+ 25. Bf1 Bxg2 26. 0-0-0 Bxf1 27. exd4 bxc5 28. Qg5 g6 29. Rg1 Qd5 30. Rdxf1 Qxg5+ 31. Rxg5 cxd4 32. Rg4 e5 33. f4 f5 34. Rh4 e4 35. Rh6 Rac8 36. Kd2 a5 37. Rfh1 Rd7 38. R6h3 a4 39. b3 axb3 40. Rxb3 Rdc7 41. Rc1 h5 42. a4 h4 43. Rh3 Rc3 44. Rxh4 d3 45. Rch1 Rxc2+ 46. Ke3 R8c4 47. Rh8+ Kf7 48. R8h7+ Ke6 49. Re1 Re2+ 50. Rxe2 dxe2 51. Kxe2 Rxa4 52. Rh3 Ra2+ 53. Ke1 Rg2 54. Kf1 Rg4 55. Kf2 Rxf4+ 56. Ke3 Rf3+ 57. Rxf3 exf3 58. Kxf3 Kd5 59. Kf4 Kd4 60. Kg5 Ke4 61. Kxg6 f4 62. Kg5 f3 63. Kf6 f2 64. Ke6 f1Q 65. Kd6 Qf5 0-1